000 00711cam a2200229 i 4500
001 179464
003 ES-MaACL
005 20250901063138.0
008 111207s2010 sp | |||||||| | spa d
020 _a978-84-322-1296-3
080 _a821.134.2-31"19"
100 _aMillás, Juan José,
_d1946-
_9241756
245 1 0 _aLo que sé de los hombrecillos /
_cJuan José Millás.
250 _a1ª ed.
260 _aBarcelona :
_bSeix Barral,
_c2010.
300 _a185 p. ;
_c23 cm.
490 1 _aBiblioteca breve
830 0 _aBiblioteca breve (Seix Barral)
_9227188
852 _aES-MaACL
_jA-11694
_9186357
_bR.146697
_cDEPO1
_dOlim: N-4699
942 _2udc
_cMONOGRAFIA
999 _c179464
_d179464